[Event "V ECC Women"]
[Site "Halle GER"]
[Date "2000.09.24"]
[Round "1"]
[White "Mashinskaya,I"]
[Black "Gaponenko,I"]
[Result "1/2-1/2"]
[WhiteElo "2335"]
[BlackElo "2375"]

1.e4 c5 2.Nf3 d6 3.Bb5+ Nc6 4.Bxc6+ bxc6 5.O-O e5 6.Re1 g5 7.d3 g4 8.Nfd2 Ne7
9.c3 Bg7 10.Nf1 Ng6 11.Be3 Qf6 12.Qd2 Nf4 13.Ng3 h5 14.Nf5 Bxf5 15.Bxf4 Be6
16.Bg5 Qg6 17.Bh4 f5 18.exf5 Qxf5 19.Qe3 Rb8 20.b3 Rb7 21.Nd2 Bh6 22.Qe2 Bxd2
23.Qxd2 O-O 24.Qg5+ Rg7 25.Qxf5 Rxf5 26.d4 cxd4 27.cxd4 Bd5 28.dxe5 dxe5
29.Re3 Rd7 30.Rae1 e4 31.Rd1 Rff7 32.Ree1 Kg7 33.Bg5 Kg6 34.Be3 h4 35.h3 gxh3
36.gxh3 Rf3 37.Kh2 Rh7 38.Rg1+ Kf7 39.Rg4 Be6 40.Rf4+ Rxf4 41.Bxf4 Rh5 42.Re1 Ra5
43.Re2 Kg6 44.Bb8 Bd5 45.Rc2 Kh5 46.Rb2 a6 47.Bd6 Rb5 48.Rb1 Be6 49.Re1 Rd5
50.Bf4 Rd3 51.Be3 Kg6 52.Rc1 Bd7 53.Rg1+ Kf7 54.Rc1 Kg6 55.Rc4 Kf5 56.Rb4 Rd6
57.Rd4  1/2-1/2

[Event "Super Final"]
[Site "Buenos Aires ARG"]
[Date "2000.09.26"]
[Round "8"]
[White "Milos,G"]
[Black "Leitao,R"]
[Result "1/2-1/2"]
[WhiteElo "2633"]
[BlackElo "2567"]

1.e4 c5 2.Nf3 d6 3.Bb5+ Bd7 4.a4 Nc6 5.O-O a6 6.Bxc6 Bxc6 7.Re1 e5 8.a5 Nf6
9.d3 Be7 10.c4 O-O 11.Nc3 Nd7 12.Nd5 f5 13.Bd2 Bxd5 14.cxd5 Qe8 15.Bg5 h6
16.Bxe7 Qxe7 17.Nd2 b5 18.axb6 Nxb6 19.Qc2 a5 20.Nc4 Nxc4 21.dxc4  1/2-1/2

[Event "V ECC Women"]
[Site "Halle GER"]
[Date "2000.09.26"]
[Round "3"]
[White "Sedina,E"]
[Black "Cmilyte,V"]
[Result "1/2-1/2"]
[WhiteElo "2405"]
[BlackElo "2335"]

1.e4 c5 2.Nf3 d6 3.Bb5+ Bd7 4.Bxd7+ Qxd7 5.c4 Nc6 6.d4 cxd4 7.Nxd4 g6 8.Nc3 Bg7
9.Be3 Nf6 10.f3 O-O 11.O-O e6 12.Qd2 Rfd8 13.Rad1 Qe7 14.Rfe1 Rd7 15.Nde2 Qd8
16.Kh1 Rc8 17.Bh6 Bxh6 18.Qxh6 Ne5 19.b3 a6 20.Qh4 Nh5  1/2-1/2

[Event "WJun"]
[Site "Yerevan ARM"]
[Date "2000.09.26"]
[Round "8"]
[White "Kabanov,N"]
[Black "Asauskas,H"]
[Result "1-0"]
[WhiteElo "2385"]
[BlackElo "2245"]

1.e4 c5 2.Nf3 d6 3.Bb5+ Bd7 4.Bxd7+ Qxd7 5.O-O Nc6 6.b3 g6 7.c3 Bg7 8.d4 Nf6
9.d5 Ne5 10.Nxe5 dxe5 11.Qe2 O-O 12.c4 e6 13.dxe6 fxe6 14.Nc3 Rad8 15.Rd1 Qc7
16.Be3 Qa5 17.Na4 Nxe4 18.Qg4 Nc3 19.Rxd8 Rxd8 20.Nxc5 Re8 21.Nxe6 Bh8 22.Ng5 Qd8
23.Ne4 Nxe4 24.Qxe4 Qd7 25.Kf1 Bf6 26.Ke2 Rd8 27.Rc1 Kh8 28.f3 Kg8 29.Qd5+ Qxd5
30.cxd5 Rxd5 31.Rc8+ Rd8 32.Rxd8+ Bxd8 33.Bxa7 Kf7 34.Kd3 Ke6 35.Ke4 Bc7
36.Bc5 Bd8 37.a4 Bc7 38.Bb4 Bb6 39.Bc3 Bc7 40.h3 Bd6 41.b4 Bc7 42.a5  1-0

[Event "V ECC Women"]
[Site "Halle GER"]
[Date "2000.09.28"]
[Round "5"]
[White "Zatonskih,A"]
[Black "Bojkovic,N"]
[Result "0-1"]
[WhiteElo "2446"]
[BlackElo "2420"]

1.e4 c5 2.Nf3 d6 3.Bb5+ Bd7 4.Bxd7+ Nxd7 5.c4 e6 6.Nc3 Be7 7.O-O a6 8.d4 cxd4
9.Qxd4 Ngf6 10.b3 O-O 11.a4 Qc7 12.Ba3 Rfd8 13.h3 Nc5 14.Rab1 Rac8 15.Qe3 h6
16.Rfd1 Nh7 17.Nd4 Bf6 18.f4 b6 19.Nce2 Qb7 20.Ng3 Bh4 21.Nde2 Nf6 22.Bxc5 bxc5
23.e5 dxe5 24.fxe5 Nh7 25.Ne4 Be7 26.Qf3 Qc7 27.Qg3 Rxd1+ 28.Rxd1 Rd8 29.Nd6 Nf8
30.Nc3 Bxd6 31.exd6 Qb7 32.Ne2 Qe4 33.Qf3 Qxf3 34.gxf3 Nd7 35.a5 Rb8 36.Rb1 Kf8
37.Nc3 f6 38.Kf2 Kf7 39.Ke3 e5 40.Nd5 Ke6 41.Nc7+ Kxd6 42.Nxa6 Ra8 43.Rd1+ Ke7
44.Rxd7+ Kxd7 45.Nxc5+ Kc6 46.b4 f5 47.Nb3 g5 48.b5+ Kc7 49.Kd3 Rf8 50.Kc3 h5
51.Nc5 Re8 52.a6 g4 53.fxg4 fxg4 54.hxg4 hxg4 55.Ne4 Rg8 56.Ng3 Rf8 57.Kb4 Rf3
58.Ne4 g3 59.a7 Kb7 60.c5 Kxa7 61.b6+ Ka6 62.Nd6 g2  0-1

[Event "It"]
[Site "Medellin COL"]
[Date "2000.09.28"]
[Round "3"]
[White "Garcia,Gild"]
[Black "Clavijo,J"]
[Result "1-0"]
[WhiteElo "2448"]
[BlackElo "2414"]

1.e4 c5 2.Nf3 d6 3.Bb5+ Bd7 4.Bxd7+ Nxd7 5.O-O Ngf6 6.Re1 g6 7.c3 Bg7 8.d4 O-O
9.Bg5 h6 10.Bh4 cxd4 11.cxd4 g5 12.Bg3 Nh5 13.Nc3 Nxg3 14.hxg3 e6 15.d5 Qb6
16.Na4 Qa6 17.dxe6 fxe6 18.Qb3 Rf7 19.Rad1 Rc8 20.Rd2 g4 21.Nh4 Rc4 22.Nc3 Ne5
23.Nb5 Qa5 24.Nc3 Qc5 25.Nd1 Bf8 26.a3 b5 27.Kh1 Rf6 28.f4 gxf3 29.gxf3 Rc1
30.Kg2 Nc4 31.Rde2 Rf7 32.Nf2 Rxe1 33.Rxe1 Rg7 34.f4 Qd4 35.Qxb5 Ne3+ 36.Kf3 d5
37.Rxe3 Rxg3+ 38.Kxg3 Qxe3+ 39.Kg2 Qxf4 40.Qe8 Qxh4 41.Qxe6+ Kh8 42.exd5 Qg5+
43.Kf3 Qh5+ 44.Kg3 Qg5+ 45.Kf3 Qh5+ 46.Ng4 Qh3+ 47.Kf4 Qf1+ 48.Ke5 Bg7+ 49.Nf6 Qe2+
50.Kd6 Qa6+ 51.Ke7 Qb7+ 52.Ke8 Qb8+ 53.Kf7  1-0

[Event "Cup Rectora"]
[Site "Kharkov UKR"]
[Date "2000.10.01"]
[Round "1"]
[White "Komliakov,V"]
[Black "Sharapov,E"]
[Result "1-0"]
[WhiteElo "2453"]
[BlackElo "2414"]

1.e4 c5 2.Nf3 d6 3.Bb5+ Bd7 4.Bxd7+ Qxd7 5.c4 Nc6 6.d4 cxd4 7.Nxd4 Nf6 8.Nc3 Qg4
9.O-O Qxd1 10.Rxd1 Nxd4 11.Rxd4 Rc8 12.b3 g6 13.Bb2 Bg7 14.Rd2 O-O 15.Nd5 Nxd5
16.Bxg7 Kxg7 17.Rxd5 a6 18.a4 Rc6 19.Kf1 Rb6 20.Rd3 Rb4 21.f3 Rc8 22.Ke2 Rc6
23.Kd2 a5 24.Kc3 b5 25.axb5 Rxb5 26.Rd2 Kf6 27.Rda2 Rcc5 28.f4 h5 29.e5+ Kf5
30.exd6 exd6 31.Rd2 Rc6 32.Rad1 Kxf4 33.Rxd6 Rxd6 34.Rxd6 Re5 35.Rf6+ Kg5
36.Rxf7 Re3+ 37.Kd4 Rxb3 38.c5 Rb2 39.c6 Rxg2 40.Rf3 Rd2+ 41.Rd3 Rf2 42.Rg3+ Kh4
43.c7 Rf8 44.Rxg6 Kh3 45.Rc6 Rc8 46.Rc2 a4 47.Kd5 a3 48.Kc6 Ra8 49.Ra2  1-0

[Event "1st European Rapid Ch"]
[Site "Neum BIH"]
[Date "2000.10.03"]
[Round "8"]
[White "Rublevsky,S"]
[Black "Greenfeld,A"]
[Result "1-0"]
[WhiteElo "2670"]
[BlackElo "2574"]

1.e4 c5 2.Nf3 d6 3.Bb5+ Bd7 4.Bxd7+ Qxd7 5.c4 Nc6 6.Nc3 g6 7.d4 cxd4 8.Nxd4 Bg7
9.Nde2 Nf6 10.f3 O-O 11.O-O Qd8 12.Kh1 a6 13.a4 Qb6 14.Rb1 Qc5 15.b3 e6 16.Nf4 Nd7
17.Bb2 Qe3 18.Nce2 Bxb2 19.Rxb2 Nce5 20.Qxd6 g5 21.Nh5 Nd3 22.Qxd7 Rad8 23.Qe7 Nf2+
24.Rxf2 Rd1+ 25.Ng1 Qc1 26.h3 Rxg1+ 27.Kh2  1-0

[Event "EuYCh G16"]
[Site "Halkidiki GRE"]
[Date "2000.10.09"]
[Round "8"]
[White "Berzina,I"]
[Black "Komiagina,M"]
[Result "1-0"]
[WhiteElo "2194"]
[BlackElo "2186"]

1.e4 c5 2.Nf3 d6 3.Bb5+ Nc6 4.c3 Bd7 5.d3 g6 6.Nbd2 Bg7 7.O-O Nf6 8.Re1 O-O
9.Nf1 Qb6 10.Ba4 Rac8 11.h3 Rfd8 12.Ne3 Ne5 13.Bb3 Bb5 14.Bc2 Qa6 15.c4 Bc6
16.Nh4 e6 17.f4 Ned7 18.f5 d5 19.fxe6 fxe6 20.cxd5 exd5 21.Bb3 Nb6 22.e5 Ne8
23.Ng4 c4 24.Bc2 d4 25.Bg5 Rd5 26.dxc4 Nxc4 27.Be4 Rd7 28.Bd3 b5 29.Nf6+ Bxf6
30.exf6 Bd5 31.Qg4 Qb7 32.Nxg6 hxg6 33.Bxg6 Ncd6 34.Qh5 Rh7 35.Qg4 Rhc7 36.Bh4 Ng7
37.fxg7 Rxg7 38.Rac1 Rxc1 39.Rxc1 Bf7 40.Bxf7+ Qxf7 41.Qxd4 Qb7 42.Rc2 Rg6
43.Qd3 Kg7 44.Bg3 Qb6+ 45.Kh2 Nf7 46.Rc8 a6 47.Qc3+ Kh7 48.Rc7 Qe6 49.Qf3 Kg7
50.Qh5 Kg8 51.Re7 Qc6 52.Re8+  1-0

[Event "Cup Rectora"]
[Site "Kharkov UKR"]
[Date "2000.10.10"]
[Round "10"]
[White "Komliakov,V"]
[Black "Berezin,O"]
[Result "1/2-1/2"]
[WhiteElo "2453"]
[BlackElo "2453"]

1.e4 c5 2.Nf3 d6 3.Bb5+ Bd7 4.Bxd7+ Qxd7 5.c4 Nc6 6.Nc3 g6 7.d4 cxd4 8.Nxd4 Bg7
9.Nde2 Nf6 10.f3 O-O 11.O-O e6 12.Bg5 h6 13.Be3 Rfd8 14.Qd2 d5  1/2-1/2

[Event "It"]
[Site "Medellin COL"]
[Date "2000.10.10"]
[Round "15"]
[White "Cuartas,J"]
[Black "Alvarez,Jose"]
[Result "1/2-1/2"]
[WhiteElo "2356"]
[BlackElo "2402"]

1.e4 c5 2.Nf3 d6 3.Bb5+ Bd7 4.Bxd7+ Qxd7 5.c4 Nc6 6.O-O Nf6 7.Nc3 g6 8.d4 cxd4
9.Nxd4 Bg7 10.Re1 O-O 11.Nde2 Rac8 12.f3 Rfe8 13.Bg5 h6 14.Be3 e6 15.Qd2 Kh7
16.Rad1 Rcd8 17.b3 Qe7 18.Nd4 Nxd4 19.Bxd4 b6 20.Qb2 Rd7 21.Rd2 Red8 22.Rde2 Nh5
23.Bxg7 Nxg7 24.Rd1 Nh5 25.Qd2 Qf6 26.Qe3 Qe5 27.Red2 f5 28.Qd4 Qxd4+ 29.Rxd4 Nf6
30.Nb5 fxe4 31.fxe4 a6 32.Nc3 Kg7 33.Na4 e5 34.R4d3 b5 35.Nb6 bxc4 36.Nxc4 Nxe4
37.Nxe5 Nc5 38.Nxd7 Nxd3 39.Nb6 Ne5 40.Rd4 a5 41.Rd5 Nc6 42.Nc4 Kf7 43.Rb5 Ke6
44.Nxa5 Ne5 45.Nc4 Nxc4 46.bxc4 Ra8 47.Rb2 Ra3 48.Rc2 Kd7 49.h4 Ke6 50.Kh2 g5
51.h5 Kf5 52.Rd2 Ke6 53.Rc2 Kf5 54.Rf2+ Kg4 55.Rd2 Kxh5 56.Rxd6 Rxa2 57.c5 Rc2
58.c6 Rc3 59.Re6 g4 60.Re5+ Kg6 61.Re6+  1/2-1/2

[Event "Bundesliga 2000-1"]
[Site "Hamburg GER"]
[Date "2000.10.14"]
[Round "1"]
[White "Pachow,J"]
[Black "Reeh,O"]
[Result "1/2-1/2"]
[WhiteElo "2297"]
[BlackElo "2420"]

1.e4 c5 2.Nf3 d6 3.Bb5+ Nc6 4.O-O Bd7 5.b3 a6 6.Bxc6 Bxc6 7.Re1 e5 8.c3 Ne7
9.d4 Ng6 10.dxc5 dxc5 11.Qxd8+ Rxd8 12.c4 Bd6 13.Nc3 Nf8 14.Nd5 Ne6 15.Bd2 f6
16.Rad1 Nd4 17.Nxd4 cxd4 18.Ba5 Rc8 19.Bb6 Kd7 20.Kf1 Bxd5 21.exd5 Bc5 22.Bxc5 Rxc5
23.Ke2 b5 24.Kd3 Rhc8 25.Rc1 bxc4+ 26.bxc4 Ra5 27.Rb1 Rxa2 28.Rb7+ Rc7 29.Reb1 Ra3+
30.R1b3 Rxb3+ 31.Rxb3 a5 32.Ra3 Rc5 33.f4 Kd6 34.fxe5+ fxe5 35.Ra1 Ke7 36.Re1 Kd6
37.Ra1 Kd7 38.Ra2 Ke7 39.Ra4 Kd7 40.Ra1 Kd6 41.Ra2  1/2-1/2

[Event "Tatry Open"]
[Site "Tatranske Zruby SVK"]
[Date "2000.10.14"]
[Round "8"]
[White "Sejkora,V"]
[Black "Walek,M"]
[Result "0-1"]
[WhiteElo "2264"]
[BlackElo "2314"]

1.e4 c5 2.Nf3 d6 3.Bb5+ Bd7 4.a4 Nc6 5.O-O Nf6 6.d3 e6 7.h3 Be7 8.Be3 O-O
9.Nbd2 Qc7 10.Bf4 b6 11.Nc4 a6 12.Bxc6 Bxc6 13.e5 dxe5 14.Nfxe5 Qb7 15.Nxc6 Qxc6
16.Ne5 Qb7 17.Re1 Nd7 18.Qg4 Bf6 19.Nc4 b5 20.Nd6 Qd5 21.axb5 h5 22.c4 Qd4
23.Qf3 e5 24.Qc6 exf4 25.Rxa6 Rad8 26.Qb7 Bh4 27.Rf1 Qxd3 28.Ne4 Qxc4 29.Rd1 Rb8
30.Nd6 Qe2 31.Qf3 Bxf2+  0-1

[Event "It"]
[Site "Alushta UKR"]
[Date "2000.10.16"]
[Round "2"]
[White "Miroshnichenko,E"]
[Black "Olenin,N"]
[Result "1-0"]
[WhiteElo "2509"]
[BlackElo "2408"]

1.e4 c5 2.Nf3 d6 3.Bb5+ Nd7 4.c3 Nf6 5.Qe2 a6 6.Ba4 g6 7.O-O Bg7 8.d4 b5
9.Bc2 Nb6 10.Bf4 O-O 11.Nbd2 Bb7 12.Rad1 cxd4 13.cxd4 Na4 14.Bb3 Rc8 15.h3 Qd7
16.Rb1 Nh5 17.Bh2 Bh6 18.Rfd1 Nf4 19.Bxf4 Bxf4 20.Nf1 Nb6 21.Bc2 Nc4 22.Bd3 Rc7
23.a4 Qc6 24.axb5 axb5 25.Ra1 Qb6 26.b3 Na5 27.Bxb5 Rfc8 28.N1d2 Rc2 29.Bd3 R2c3
30.Nc4 Nxc4 31.Bxc4 e6 32.d5 exd5 33.exd5 Bh6 34.Nd4 Bg7 35.Nb5 R3xc4 36.bxc4 Bxa1
37.Rxa1 Ba6 38.Qe3 Rb8 39.Qxb6 Rxb6 40.f3 Kf8 41.Kf2 Ke7 42.Ke3 Kd7 43.Ra5 Bxb5
44.cxb5 Rb7 45.Kd4 Ke7 46.Kc4 Rc7+ 47.Kb4 Rc2 48.Ra7+ Kf6 49.Ra3 Ke5 50.b6 Rc8
51.Rd3  1-0

[Event "Monarch Assurance Open"]
[Site "Port Erin IOM"]
[Date "2000.10.20"]
[Round "7"]
[White "Marusenko,P"]
[Black "Jackson,A"]
[Result "1-0"]
[WhiteElo "2327"]
[BlackElo "2208"]

1.e4 c5 2.Nf3 d6 3.Bb5+ Nd7 4.d4 Nf6 5.Nc3 cxd4 6.Qxd4 e6 7.Bg5 Be7 8.Bxf6 gxf6
9.O-O-O a6 10.Bxd7+ Bxd7 11.Rhe1 Rc8 12.Nd2 Qc7 13.Nf1 b5 14.Ne3 b4 15.Qxb4 O-O
16.Qd4 Qc5 17.f4 Rc7 18.Qxc5 Rxc5 19.Rd3 Rfc8 20.f5 a5 21.Rf1 a4 22.a3 Kg7
23.Rf4 R5c7 24.Rh4 Rb8 25.Ned5 exd5 26.Rg3+  1-0

[Event "Monarch Assurance Open"]
[Site "Port Erin IOM"]
[Date "2000.10.21"]
[Round "8"]
[White "Marusenko,P"]
[Black "Plaskett,J"]
[Result "1/2-1/2"]
[WhiteElo "2327"]
[BlackElo "2525"]

1.e4 c5 2.Nf3 d6 3.Bb5+ Bd7 4.Bxd7+ Nxd7 5.O-O Ngf6 6.Re1 e6 7.c3 Be7 8.d4 d5
9.exd5 exd5 10.Qe2 Rc8 11.Bf4 Nf8 12.Ne5 Ne6 13.Bg3 Qb6 14.dxc5 Bxc5 15.Bh4 Ne4
16.Nd2 Qxb2 17.Qf3 O-O 18.Nxe4 dxe4 19.Qxe4 Qxc3 20.Nd7 Rfe8 21.Nxc5 Qxc5
22.Qxb7 f5 23.Qb3 Qc4 24.Qxc4 Rxc4 25.Bg5 Kf7 26.Be3 f4 27.Bd2 Rd8 28.Bc1 Rc2
29.Kf1 g5 30.g3 Nd4 31.Rd1 Nb3 32.Rxd8 Nxa1 33.Rd1 Rxa2 34.gxf4 Nb3 35.Be3 gxf4
36.Rd7+ Ke6 37.Rxa7 Rxa7 38.Bxa7 f3 39.Be3 Kf5 40.h3 Ke4 41.Kg1 Kd3 42.Kh2 Ke2
43.Kg3 Na1 44.Kg4 Nc2 45.Bb6 Nb4 46.h4 Nd3 47.Kg3 h5 48.Ba7 Nc1  1/2-1/2

[Event "Monarch Assurance Open"]
[Site "Port Erin IOM"]
[Date "2000.10.21"]
[Round "8"]
[White "Cherniaev,A"]
[Black "Gormally,D"]
[Result "1-0"]
[WhiteElo "2454"]
[BlackElo "2499"]

1.e4 c5 2.Nf3 d6 3.Bb5+ Bd7 4.Bxd7+ Qxd7 5.O-O Nc6 6.c4 g6 7.d4 cxd4 8.Nxd4 Bg7
9.Be3 Nf6 10.f3 O-O 11.Nc3 e6 12.Qd2 d5 13.cxd5 exd5 14.Nxc6 bxc6 15.e5 Ne8
16.Bc5 Bxe5 17.Bxf8 Kxf8 18.Rad1 Bg7 19.b3 Nd6 20.Na4 Kg8 21.Rfe1 Nf5 22.Qf4 h5
23.Kh1 Re8 24.Nc5 Qd8 25.Qd2 Bh6 26.Rxe8+ Qxe8 27.Qe1 Be3 28.Nd3 h4 29.Nf2 Qb8
30.Ng4 d4 31.Qa5 Bf4 32.Qc5 Qd8 33.Qxc6 Kg7 34.Qe4 Qd6 35.Kg1 Qc7 36.b4 h3
37.gxh3 Bd6 38.a3 a5 39.bxa5 Qxa5 40.Qd3 Qxa3 41.Qxa3 Bxa3 42.Kf2 Bd6 43.Ke2 Bc7
44.Rc1 Bf4 45.Rc4 Bb8 46.Ra4 Bd6 47.Ra7 Bb8 48.Rd7 Bf4 49.Kd3 Bb8 50.Ke4 Bd6
51.h4 d3 52.Kxd3 Bb8 53.Ke4 Nxh4 54.f4 Nf5 55.Ne5 Bxe5 56.fxe5 Kg8 57.Kf4 Ng7
58.Kg5 Kf8 59.e6 Nxe6+ 60.Kf6 Kg8 61.Rxf7  1-0

[Event "Belgian Interteams 2000-1"]
[Site "BEL"]
[Date "2000.10.22"]
[Round "2"]
[White "Coenen,N"]
[Black "De Wit,D"]
[Result "1/2-1/2"]
[WhiteElo "2403"]
[BlackElo "2184"]

1.e4 c5 2.Nf3 d6 3.Bb5+ Bd7 4.Bxd7+ Nxd7 5.c4 g6 6.d4 cxd4 7.Nxd4 Bg7 8.Nc3 Ngf6
9.O-O O-O 10.Be3 a6 11.b3 Qa5 12.Rc1 Rfc8 13.Qe2 e6 14.Bd2 Qc5 15.Nf3 Qc6
16.h3 b6 17.Rfd1 Nc5 18.e5 dxe5 19.Nxe5 Qb7 20.Bf4 Rd8 21.b4 Ncd7 22.Nxd7 Rxd7
23.Rxd7 Qxd7 24.c5 bxc5 25.bxc5 Qc6 26.Be3 Nd7 27.Qc4 Rc8 28.Ne4 Bf8 29.Rd1 Be7
30.Qd4 Rd8 31.Bh6 e5 32.Qd5 Qxd5 33.Rxd5 Nb8 34.Rxd8+  1/2-1/2

[Event "34th Olympiad"]
[Site "Istanbul TUR"]
[Date "2000.10.28"]
[Round "1"]
[White "Mosquera,M"]
[Black "Georgiev,Kr"]
[Result "1/2-1/2"]
[WhiteElo "2333"]
[BlackElo "2532"]

1.e4 c5 2.Nf3 d6 3.Bb5+ Bd7 4.Bxd7+ Qxd7 5.O-O Nc6 6.c4 e5 7.Nc3 g6 8.d3 Bg7
9.Nd5 Rb8 10.a3 b5 11.cxb5 Rxb5 12.Qa4 Rb7 13.b4 cxb4 14.axb4 Nce7 15.Nxe7 Nxe7
16.Be3 Qxa4 17.Rxa4 Kd7 18.b5 Rhb8 19.Rfa1 Rxb5 20.Rxa7+ R8b7 21.d4 exd4
22.Bxd4 Bxd4 23.Nxd4 Rb1+ 24.Rxb1 Rxa7 25.f3  1/2-1/2

[Event "34th Olympiad Women"]
[Site "Istanbul TUR"]
[Date "2000.10.29"]
[Round "2"]
[White "Sheremetieva,M"]
[Black "Buervenich,S"]
[Result "1/2-1/2"]
[WhiteElo "2340"]
[BlackElo "2201"]

1.e4 c5 2.Nf3 d6 3.Bb5+ Nd7 4.O-O Nf6 5.Re1 a6 6.Bf1 Ne5 7.Nxe5 dxe5 8.a4 b6
9.d3 e6 10.Nc3 Be7 11.Kh1 O-O 12.f4 Qc7 13.Qf3 Bd6 14.f5 exf5 15.exf5 Bb7
16.Ne4 Be7 17.Qg3 Kh8 18.Bd2 Nxe4 19.dxe4 c4 20.b3 b5 21.bxc4 bxc4 22.a5 f6
23.Ra4 Qd7 24.Rxc4 Qxd2 25.Rc7 Rfe8 26.Rxb7 Qxa5 27.Reb1 Qc5 28.Qb3 Rec8
29.Bd3 a5 30.Qa4 Bf8 31.h3 Qc6 32.Qxc6 Rxc6 33.Bb5 Rxc2 34.Bd7 Bb4 35.Rd1 Rd8
36.Rd5 Rd2 37.Be6 R2xd5 38.Bxd5 h5 39.g4 Kh7 40.g5 fxg5 41.f6 Bf8 42.Ra7 Kg6
43.fxg7 Bxg7 44.Bf7+ Kh7 45.Bxh5 Rd4 46.Bg4 a4 47.Bf5+ Kg8 48.Be6+ Kh7 49.Bf5+  1/2-1/2

[Event "34th Olympiad"]
[Site "Istanbul TUR"]
[Date "2000.10.29"]
[Round "2"]
[White "Rocha,S"]
[Black "Hracek,Z"]
[Result "1/2-1/2"]
[WhiteElo "2374"]
[BlackElo "2612"]

1.e4 c5 2.Nf3 d6 3.Bb5+ Nc6 4.O-O Bd7 5.Re1 Nf6 6.c3 a6 7.Bf1 Bg4 8.d4 cxd4
9.cxd4 d5 10.e5 Nd7 11.h3 Bxf3 12.Qxf3 e6 13.Be3 g6 14.Nd2 Bg7 15.Qd1 O-O
16.Nf3 Rc8 17.h4 f6 18.exf6 Nxf6 19.Ng5 Qd6 20.g3 Nxd4 21.Bg2 Ne4 22.Bxe4 Rcd8
23.Qg4 Nf5 24.Bf4 Qb6 25.h5 e5 26.Be3 Nxe3 27.Rxe3 Kh8 28.Rae1 Qxb2 29.R3e2 Qd4
30.Kg2 b5 31.Rc1 Qb6 32.Rc6 Rc8 33.Qf5 Rf6 34.Qxc8+ Rf8 35.Qg4 Qxf2+  1/2-1/2

[Event "34th Olympiad"]
[Site "Istanbul TUR"]
[Date "2000.10.29"]
[Round "2"]
[White "Rocha,S"]
[Black "Hracek,Z"]
[Result "1/2-1/2"]
[WhiteElo "2374"]
[BlackElo "2612"]

1.e4 c5 2.Nf3 d6 3.Bb5+ Nc6 4.O-O Bd7 5.Re1 Nf6 6.c3 a6 7.Bf1 Bg4 8.d4 cxd4
9.cxd4 d5 10.e5 Nd7 11.h3 Bxf3 12.Qxf3 e6 13.Be3 g6 14.Nd2 Bg7 15.Qd1 O-O
16.Nf3 Rc8 17.h4 f6 18.exf6 Nxf6 19.Ng5 Qd6 20.g3 Ne4 21.Nxe4 dxe4 22.Bg2 Nxd4
23.Bxe4 Rcd8 24.Qg4 Nf5 25.Bf4 Qb6 26.h5 e5 27.Be3 Nxe3 28.Rxe3 Rd2 29.hxg6 Rdxf2
30.gxh7+ Kh8 31.Rae1 Qxb2 32.R3e2 Qd4 33.Kh1 R2f6 34.Kg2 a5 35.Rc1 Qb6 36.Rc8 Rxc8
37.Qxc8+ Rf8 38.Qg4 Qf6 39.Rc2 Qf1+  1/2-1/2

[Event "3rd Open"]
[Site "Etang Sale FRA"]
[Date "2000.10.31"]
[Round "4"]
[White "Marciano,D"]
[Black "Bergez,L"]
[Result "1-0"]
[WhiteElo "2522"]
[BlackElo "2413"]

1.e4 c5 2.Nf3 d6 3.Bb5+ Bd7 4.Bxd7+ Qxd7 5.O-O Nf6 6.e5 dxe5 7.Nxe5 Qc7 8.d4 cxd4
9.Bf4 Qb6 10.Nd2 Nc6 11.Ndc4 Qc5 12.Qf3 e6 13.Rad1 Rd8 14.Rfe1 Be7 15.Qb3 O-O
16.Qxb7 Nxe5 17.Bxe5 Ng4 18.Bg3 Qxc4 19.Qxe7 Qxc2 20.Qh4 Nh6 21.Rxd4 Rc8
22.Ra4 Nf5 23.Qb4 Rfd8 24.Rxa7 Rd1 25.h3 h5 26.Kh2 Rc4 27.Qb8+ Kh7 28.Rxd1 Qxd1
29.Qb3 Rc2 30.Rc7 Nd4 31.Rd7 Nxb3 32.Rxd1 Nd2 33.Bf4 Ne4 34.f3 Nc5 35.Rc1 Rxc1
36.Bxc1 Nd3 37.a4 Nxc1 38.a5 Nd3 39.a6  1-0

[Event "34th Olympiad Women"]
[Site "Istanbul TUR"]
[Date "2000.10.31"]
[Round "4"]
[White "Arribas,M"]
[Black "Batceceg,T"]
[Result "1/2-1/2"]
[WhiteElo "2300"]
[BlackElo "2237"]

1.e4 c5 2.Nf3 d6 3.Bb5+ Nd7 4.O-O Nf6 5.Re1 a6 6.Bxd7+ Bxd7 7.d4 cxd4 8.Qxd4 e6
9.Nc3 Be7 10.Bg5 Qc7 11.Rad1 Rc8 12.e5 dxe5 13.Nxe5 Bc6 14.Qh4 h6 15.Rd3 Nh7
16.Bxe7 Qxe7 17.Qxe7+ Kxe7 18.Nxc6+ Rxc6 19.Nd5+ Ke8 20.Ne3 Nf6 21.f3 g6
22.c4 Ke7 23.Rb3 Rb8 24.Nd5+ Nxd5 25.cxd5 Rd6 26.dxe6 fxe6 27.Re2 b5 28.Rc3 Rbd8
29.Kf2 Kf6 30.Rc5 R8d7 31.Rce5 Rc7 32.R5e4 Rc5 33.Rh4 h5 34.Rf4+ Rf5 35.Rfe4 g5
36.Kg3 Rfd5 37.h4 gxh4+ 38.Kxh4 Rf5 39.f4 Kf7 40.g3 Rd1 41.Kh3 Rd6 42.b4 Rc6
43.Rd4 Ke7 44.Re3  1/2-1/2

[Event "34th Olympiad Women"]
[Site "Istanbul TUR"]
[Date "2000.10.31"]
[Round "4"]
[White "Berzina,I"]
[Black "Dworakowska,J"]
[Result "0-1"]
[WhiteElo "2194"]
[BlackElo "2371"]

1.e4 c5 2.Nf3 d6 3.Bb5+ Nc6 4.c3 Bd7 5.d3 a6 6.Ba4 Nf6 7.Nbd2 e5 8.Nf1 Be7
9.Ng3 b5 10.Bb3 O-O 11.O-O Be6 12.Bxe6 fxe6 13.Ng5 Qd7 14.f4 exf4 15.Bxf4 Bd8
16.a4 Bb6 17.Kh1 e5 18.Bd2 c4 19.axb5 axb5 20.dxc4 bxc4 21.Rxa8 Rxa8 22.Nh5 Rf8
23.Bc1 Ne7 24.Qe2 Qc8 25.Nxf6+ Rxf6 26.Rxf6 gxf6 27.Nh3 Kh8 28.Qd1 Qc6 29.Qg4 Qa4
30.Qf3 f5 31.exf5 Qa1 32.Qf1 Be3 33.f6 Ng6 34.Nf2 Qxc1 35.Nd1 Bg5 36.Qf3 e4
37.Qg4 Bxf6 38.Qc8+ Kg7 39.Qd7+ Be7 40.Qg4 d5 41.g3 Qd2  0-1

[Event "34th Olympiad"]
[Site "Istanbul TUR"]
[Date "2000.10.31"]
[Round "4"]
[White "Komliakov,V"]
[Black "Hansen,SuB"]
[Result "1/2-1/2"]
[WhiteElo "2453"]
[BlackElo "2545"]

1.e4 c5 2.Nf3 d6 3.Bb5+ Nd7 4.O-O Nf6 5.Re1 a6 6.Bf1 b6 7.c4 Bb7 8.Nc3 e6
9.a3 Be7 10.b4 O-O 11.Rb1 Qc7 12.Bb2 Ne5 13.Nxe5 dxe5 14.b5 a5 15.d3 Rad8
16.Qe2 Nd7 17.g3 g6 18.Bg2 Bf6 19.Rf1 Bg7 20.Rbd1 h5 21.h4  1/2-1/2

[Event "34th Olympiad"]
[Site "Istanbul TUR"]
[Date "2000.11.01"]
[Round "5"]
[White "Komliakov,V"]
[Black "Kovalev,A"]
[Result "1/2-1/2"]
[WhiteElo "2453"]
[BlackElo "2537"]

1.e4 c5 2.Nf3 d6 3.Bb5+ Bd7 4.Bxd7+ Qxd7 5.c4 Nf6 6.Nc3 Nc6 7.d4 cxd4 8.Nxd4 g6
9.f3 Nxd4 10.Qxd4 Bg7  1/2-1/2

[Event "34th Olympiad Women"]
[Site "Istanbul TUR"]
[Date "2000.11.01"]
[Round "5"]
[White "Klink,T"]
[Black "Zhu Chen"]
[Result "0-1"]
[WhiteElo "2336"]
[BlackElo "2539"]

1.e4 c5 2.Nf3 d6 3.Bb5+ Nd7 4.O-O Nf6 5.Re1 a6 6.Bxd7+ Bxd7 7.d4 cxd4 8.Qxd4 Bg4
9.Nc3 e6 10.Bg5 Be7 11.Rad1 Qa5 12.b4 Qc7 13.Rd3 Bh5 14.Nd2 Rc8 15.h3 Bg6
16.f4 O-O 17.Rf3 h6 18.Bh4 e5 19.Qf2 exf4 20.Bxf6 Bxf6 21.Nd5 Qd8 22.Nxf6+ Qxf6
23.c4 Bh5 24.Rd3 Rfe8 25.Qb6 Qh4 26.Rc1 f3 27.Nxf3 Qxe4 28.Qd4 Bxf3 29.gxf3 Qf5
30.Kf2 Qxh3 31.Rg1 Qh2+ 32.Rg2 Re2+ 33.Kxe2 Qxg2+ 34.Kd1 Qxa2  0-1

[Event "34th Olympiad"]
[Site "Istanbul TUR"]
[Date "2000.11.02"]
[Round "6"]
[White "Moreno,J"]
[Black "Sutovsky,E"]
[Result "1/2-1/2"]
[WhiteElo "2515"]
[BlackElo "2609"]

1.e4 c5 2.Nf3 d6 3.Bb5+ Bd7 4.Bxd7+ Qxd7 5.c4 Nc6 6.Nc3 Nf6 7.d4 cxd4 8.Nxd4 g6
9.f3 Bg7 10.Nde2 O-O 11.O-O e6 12.Bg5 h6 13.Be3 Rad8 14.Qc1 Kh7 15.Rd1 Qe7
16.h3 d5 17.cxd5 exd5 18.exd5 Nb4 19.Bxa7 Nfxd5 20.Nxd5 Nxd5 21.Nc3 Bxc3
22.bxc3 b6 23.c4 Qc5+ 24.Kh1 Ne3 25.Re1 Rfe8 26.Rb1 Qg5 27.Rxe3 Qxe3 28.Qxe3 Rxe3
29.Bxb6 Rb8 30.a4 Ra3 31.Rb4 Re8 32.c5 Re2 33.c6 Ra1+ 34.Kh2 Raa2 35.Rc4 Rxg2+
36.Kh1 Rh2+ 37.Kg1 Rag2+ 38.Kf1 Rb2 39.Kg1 Rbg2+ 40.Kf1 Rb2 41.Kg1 Rbg2+  1/2-1/2

[Event "34th Olympiad Women"]
[Site "Istanbul TUR"]
[Date "2000.11.02"]
[Round "6"]
[White "Levushkina,E"]
[Black "Chu,S"]
[Result "1-0"]
[WhiteElo "2103"]
[BlackElo "2020"]

1.e4 c5 2.Nf3 d6 3.Bb5+ Bd7 4.Bxd7+ Qxd7 5.O-O Nc6 6.c3 Nf6 7.d4 cxd4 8.cxd4 d5
9.e5 Ne4 10.Ne1 h6 11.Be3 Rc8 12.Nd3 Na5 13.f3 Nc4 14.Qe2 Nxe3 15.Qxe3 Ng5
16.Nc5 Qc6 17.f4 b6 18.fxg5 bxc5 19.Qf3 Qe6 20.Nc3 cxd4 21.Nxd5 Rc5 22.Nb4 hxg5
23.Rac1 Rxc1 24.Rxc1 f6 25.Nc6 a6 26.Qe4 Rh4 27.Qg6+ Qf7 28.Qd3 Qxa2 29.b3 Qb2
30.Qg6+ Kd7 31.Nb8+ Kd8 32.Rb1 Qc3 33.Qf7 Rh8 34.Qd5+ Kc7 35.Nxa6+ Kb6 36.Nb4 Qe3+
37.Kh1 Qc3 38.Qd8+ Kb7 39.Qa5 e6 40.Qa6+ Kc7 41.Nd3 Ba3 42.Qxa3 Qxd3 43.Rc1+  1-0

[Event "Chigorin Mem"]
[Site "St Petersburg RUS"]
[Date "2000.11.02"]
[Round "3"]
[White "Turov,M"]
[Black "Weetik,V"]
[Result "1/2-1/2"]
[WhiteElo "2539"]
[BlackElo "2365"]

1.e4 c5 2.Nf3 d6 3.Bb5+ Bd7 4.Bxd7+ Qxd7 5.c4 Nf6 6.Nc3 Nc6 7.d4 cxd4 8.Nxd4 g6
9.O-O Bg7 10.Nc2 O-O 11.Qe2 Rac8 12.Rd1 Qc7 13.b3 a6 14.a4 Qb8 15.Rb1 Nd7
16.Bd2 Rfe8 17.Kh1 e6 18.Be1 Nf6 19.f3 Nh5 20.Qd2 Be5 21.g3 Red8 22.Bf2 b6
23.Nd4 Nxd4 24.Bxd4 Nf6 25.Be3 d5 26.exd5 Bxc3 27.Qxc3 Nxd5  1/2-1/2

[Event "34th Olympiad"]
[Site "Istanbul TUR"]
[Date "2000.11.04"]
[Round "7"]
[White "Valiente,C"]
[Black "Leyva,H"]
[Result "1/2-1/2"]
[WhiteElo "2389"]
[BlackElo "2409"]

1.e4 c5 2.Nf3 d6 3.Bb5+ Nc6 4.O-O Bd7 5.c3 a6 6.Ba4 c4 7.Bc2 Nf6 8.b3 cxb3
9.axb3 g6 10.d4 Bg4 11.h3 Bxf3 12.Qxf3 Nd7 13.Qe2 Bg7 14.Bb2 O-O 15.Nd2 Qc7
16.Rac1 b5 17.b4 Qb6 18.Bd3 e6 19.Rb1 Rac8 20.Kh2 Qc7 21.Ra1 Ra8 22.g3 Nb6
23.Ra3 Na4 24.Ba1 Rac8 25.Nb3 Ne7 26.Rc1  1/2-1/2